000
00199 a2200097 4500
020
_a
968-29-1840-5
041
_a
spa
100
_a
Fittipaldi,Cica
245
_a
El lenguaje de los pajaros
942
_c
BK
999
_c
15020
_d
15020